000 00549nam a2200229Ia 4500
003 OSt
005 20220918230011.0
006 a|||||r|||| 00| 0
007 ta
008 220917b |||||||| |||| 00| 0 eng d
024 _a247,700
037 _cTextual
040 _aARTS
_cARTS
_beng
041 _2eng
_aeng
082 _aO152,6k, M9
100 _ayksd 'kj.k
_9151680
245 0 _ao`gn laLej.k dks'k
260 _c1989
650 _afgUnh lkfgR;
942 _hO152,6k, M9
_cTEXL
_2CC
999 _c286722
_d286722